000 00975cab a2200289 4500
001 ABS54030
008 090401t1995 xxu||||| |||| 00| 0 eng d
035 _a(Sirsi) u7972
041 _aeng
100 _aHarcup, T.
245 _aAsbestos blues
260 _c1995
350 _a0
490 _aMunicipal Journal
_v(46) 17-23 November 1995, 21(1)
520 _aLooks at a test case on civilian exposure to asbestos dust from T & N`s factory in Leeds. Some locals have suffered mesothelioma, asbestos induced lung cancer, from living near to the factory, whilst others are having to pay to get their homes decontaminated.
650 _aMANAGEMENT-HEALTH AND SAFETY-HAZARDOUS SUBSTANCES-ASBESTOS
650 _aBLIGHT
650 _aHEALTH HAZARDS
650 _aLEEDS
650 _aMESOTHELIOMA
650 _aT & N PLC
650 _aTURNER AND NEWELL
690 _aBUILT ENVIRONMENT-BUILDING STANDARDS
690 _aLAW
942 _n0
948 _c04/03/1997
999 _c4855
_d4855